00267nam a2200121Ia 4500008004100000041000800041082001200049100001300061245001900074260002700093300002000120365000500140240624s9999 xx 000 0 und d aeng a823 RAN aRAND AYN aATLAS SHRUGGED c1996aNew YorkbSignet a1079 : cm. ; 18 c